Professional charges for building surveying services (Record no. 90839)

MARC details
000 -LEADER
fixed length control field 00852cam a2200289 4500
008 - FIXED-LENGTH DATA ELEMENTS--GENERAL INFORMATION
fixed length control field 090401t1988 xxu||||| |||| 00| 0 eng d
020 ## - INTERNATIONAL STANDARD BOOK NUMBER
International Standard Book Number 0854062491
035 ## - SYSTEM CONTROL NUMBER
System control number (Sirsi) u39885
041 ## - LANGUAGE CODE
Language code of text/sound track or separate title eng
050 ## - LIBRARY OF CONGRESS CALL NUMBER
Classification number 331.2166
-- 18
090 ## - LOCALLY ASSIGNED LC-TYPE CALL NUMBER (OCLC); LOCAL CALL NUMBER (RLIN)
Classification number (OCLC) (R) ; Classification number, CALL (RLIN) (NR) RICS 1988/10ABCD
110 ## - MAIN ENTRY--CORPORATE NAME
Corporate name or jurisdiction name as entry element Royal Institution of Chartered Surveyors
9 (RLIN) 4900
245 ## - TITLE STATEMENT
Title Professional charges for building surveying services
250 ## - EDITION STATEMENT
Edition statement Rev. ed.
260 ## - PUBLICATION, DISTRIBUTION, ETC.
Place of publication, distribution, etc. London
Name of publisher, distributor, etc. Surveyors Publications
Date of publication, distribution, etc. 1988
300 ## - PHYSICAL DESCRIPTION
Extent 13p.
Dimensions 21cm.
350 ## - PRICE (NR) (BK AM CF MU VM SE) [OBSOLETE]
Price 1.75
490 ## - SERIES STATEMENT
Series statement RICS Fee Scales
520 ## - SUMMARY, ETC.
Summary, etc. Withdrawn February 2000. Supersedes 1984 edition (D15838).
650 ## - SUBJECT ADDED ENTRY--TOPICAL TERM
Topical term or geographic name entry element FEE SCALES
650 ## - SUBJECT ADDED ENTRY--TOPICAL TERM
Topical term or geographic name entry element PROFESSIONAL CHARGES
650 ## - SUBJECT ADDED ENTRY--TOPICAL TERM
Topical term or geographic name entry element PROFESSIONAL FEES
650 ## - SUBJECT ADDED ENTRY--TOPICAL TERM
Topical term or geographic name entry element BUILDING SURVEYORS' FEES
690 ## - LOCAL SUBJECT ADDED ENTRY--TOPICAL TERM (OCLC, RLIN)
Topical term or geographic name as entry element BUILT ENVIRONMENT-BUILDING INSPECTION
942 ## - ADDED ENTRY ELEMENTS (KOHA)
Suppress in OPAC 0
948 ## - LOCAL PROCESSING INFORMATION (OCLC); SERIES PART DESIGNATOR (RLIN)
c (OCLC) 04/03/1997
Holdings
Withdrawn status Lost status Source of classification or shelving scheme Damaged status Not for loan Home library Current library Shelving location Date acquired Cost, normal purchase price Total Checkouts Full call number Barcode Date last seen Copy number Cost, replacement price Price effective from Koha item type Date last checked out
    Dewey Decimal Classification     London London RICS Boxes 14/09/1999 1.75   RICS 1988/10 30025101 06/08/2019 1 1.75 06/08/2019 Archive  
    Dewey Decimal Classification     London London RICS Boxes 14/09/1999 1.75   RICS 1988/10 30031557 06/08/2019 2 1.75 06/08/2019 Reference material  
  Missing       London London Missing 14/09/1999 1.75 20 RICS 1988/10 30031561 06/08/2019 3 1.75 06/08/2019 Book 22/01/2007
    Dewey Decimal Classification     London London RICS Boxes 14/09/1999 1.75 14 RICS 1988/10 30031580 06/08/2019 4 1.75 06/08/2019 Book 20/10/2009